|
|
|
|
| LEADER |
00000cam a22000004a 4500 |
| 001 |
musev2_85173 |
| 003 |
MdBmJHUP |
| 005 |
20230905052743.0 |
| 006 |
m o d |
| 007 |
cr||||||||nn|n |
| 008 |
091202s2007 azu o 00 0 eng d |
| 020 |
|
|
|a 9780816546374
|
| 020 |
|
|
|z 9780816524310
|
| 035 |
|
|
|a (OCoLC)743493122
|
| 040 |
|
|
|a MdBmJHUP
|c MdBmJHUP
|
| 100 |
1 |
|
|a Yetman, David,
|d 1941- ...
|4 aut
|0 (FrPBN)13478286
|
| 245 |
1 |
4 |
|a The Great Cacti :
|b Ethnobotany and Biogeography /
|c David Yetman.
|
| 264 |
|
1 |
|a Tucson (Ariz.) :
|b The University of Arizona Press,
|c op. 2007.
|
| 264 |
|
3 |
|a Baltimore, Md. :
|b Project MUSE,
|c 2021
|
| 264 |
|
4 |
|c ©op. 2007.
|
| 300 |
|
|
|a 1 online resource (311 pages):
|b ill. ;
|
| 336 |
|
|
|a text
|b txt
|2 rdacontent
|
| 337 |
|
|
|a computer
|b c
|2 rdamedia
|
| 338 |
|
|
|a online resource
|b cr
|2 rdacarrier
|
| 490 |
0 |
|
|a The Southwest Center series
|
| 500 |
|
|
|a Bibliogr. p. 281-285.
|
| 588 |
|
|
|a Description based on print version record.
|
| 650 |
|
7 |
|a Cactus
|x Ethnobotanique
|0 (FrPBN)11943040
|z Amerique du Sud.
|2 ram
|0 (FrPBN)11931090
|0 (FrPBN)11936939
|
| 650 |
|
7 |
|a Cactus
|x Ethnobotanique
|0 (FrPBN)11932500
|z Mexique.
|2 ram
|0 (FrPBN)11931090
|0 (FrPBN)11936939
|
| 650 |
|
7 |
|a Cactus
|x Ethnobotanique
|0 (FrPBN)12173096
|z États-Unis (sud-ouest)
|2 ram
|0 (FrPBN)11931090
|0 (FrPBN)11936939
|
| 655 |
|
7 |
|a Electronic books.
|2 local
|
| 710 |
2 |
|
|a Project Muse.
|e distributor
|
| 830 |
|
0 |
|a Book collections on Project MUSE.
|
| 856 |
4 |
0 |
|z Texto completo
|u https://projectmuse.uam.elogim.com/book/85173/
|
| 945 |
|
|
|a Project MUSE - Custom Collection
|